Jak žijí dnes? /

Hlavní autor: Plachý, Jakub, 1989-
Jazyk: Čeština
Vydáno: Ve Znojmě : Fake Fake Fake, 2019
Témata:
Fyzický popis: 28 nečíslovaných stran : ilustrace ; 24 cm
Knihy
Uloženo v:
LEADER 01332nam a2200373 i 4500
001 nkc20193159188
003 CZ PrNK
005 20200116114303.0
007 ta
008 191113s2019 xr a g 6 000 1 cze
015 |a cnb003159188 
020 |a 978-80-907592-8-2  |q (brožováno) :  |c Kč 100,00 
035 |a (OCoLC)1140082096 
040 |a BOA001  |b cze  |e rda 
072 7 |a 741.52  |x Komiksy. Komiksové adaptace  |2 Konspekt  |9 21 
080 |a 741.52(0:82-321.5)  |2 MRF 
100 1 |a Plachý, Jakub,  |d 1989-  |7 xx0146655  |4 aut  |4 ill 
245 1 0 |a Jak žijí dnes? /  |c Jakub Plachý 
264 1 |a Ve Znojmě :  |b Fake Fake Fake,  |c 2019 
300 |a 28 nečíslovaných stran :  |b ilustrace ;  |c 24 cm 
336 |a text  |b txt  |2 rdacontent 
336 |a statický obraz  |b sti  |2 rdacontent 
337 |a bez média  |b n  |2 rdamedia 
338 |a svazek  |b nc  |2 rdacarrier 
500 |a "První verze vznikla v roce 2014 jako semestrální práce v Ateliéru ilustrace a grafiky na UMPRUM"--Tiráž 
500 |a Název z obálky 
500 |a 300 výtisků 
655 7 |a humoristické komiksy  |7 fd1057480  |2 czenas 
655 9 |a humorous comics  |2 eczenas 
910 2 |a BOA001  |b 2-1440.554 
990 |a BK 
995 |a 01 
991 |b 201912  |c NOV 
996 6 |b 2610808174  |c 2-1440.554  |l MZK  |r Sklad / do 1 hodiny  |n 0  |p p.v.  |w 001770429  |u 000010  |a 1  |e BOA001  |j MZK50  |s P